[Event "Deutsche Ländermeisterschaft 2023"]
[Site "Hannover GER"]
[Date "2023.10.03"]
[Round "4"]
[White "Heinisch, Niklas"]
[Black "Reuter, Elisa"]
[Result "1-0"]
[Termination "normal"]
[Board "5.5"]
[BlackTitle "WCM"]
[WhiteElo "1919"]
[BlackElo "1869"]
[WhiteClock "00:11:48"]
[BlackClock "00:33:13"]
[WhiteTeam "Bayern"]
[BlackTeam "Thüringen"]
[PlyCount "105"]
[WhiteFideId "16295080"]
[BlackFideId "12995444"]
[EventCountry "GER"]
[EventRounds "7"]
[EventType "team-swiss"]
[EventDate "2023.09.30"]

1. c4 {[%clk 01:30:55]} {[%emt 00:00:05]} e5 {[%clk 01:30:57]} {[%emt
00:00:04]} 2. Nc3 {[%clk 01:31:08]} {[%emt 00:00:17]} Nf6 {[%clk 01:31:23]}
{[%emt 00:00:04]} 3. g3 {[%clk 01:31:14]} {[%emt 00:00:24]} Bb4 {[%clk
01:30:30]} {[%emt 00:01:21]} 4. e4 {[%clk 01:30:48]} {[%emt 00:00:57]} Bxc3
{[%clk 01:30:36]} {[%emt 00:00:24]} 5. dxc3 {[%clk 01:30:57]} {[%emt 00:00:21]}
d6 {[%clk 01:29:35]} {[%emt 00:01:30]} 6. f3 {[%clk 01:31:11]} {[%emt
00:00:17]} Be6 {[%clk 01:28:11]} {[%emt 00:01:54]} 7. Nh3 {[%clk 01:31:25]}
{[%emt 00:00:17]} h6 {[%clk 01:28:27]} {[%emt 00:00:14]} 8. Nf2 {[%clk
01:31:29]} {[%emt 00:00:25]} Nbd7 {[%clk 01:26:44]} {[%emt 00:02:13]} 9. Be3
{[%clk 01:26:15]} {[%emt 00:05:45]} a5 {[%clk 01:18:03]} {[%emt 00:09:10]} 10.
f4 {[%clk 01:24:55]} {[%emt 00:01:50]} exf4 {[%clk 01:16:07]} {[%emt 00:02:26]}
11. gxf4 {[%clk 01:24:35]} {[%emt 00:00:49]} Qe7 {[%clk 01:13:35]} {[%emt
00:03:02]} 12. Qe2 {[%clk 01:14:12]} {[%emt 00:10:53]} g6 {[%clk 01:09:48]}
{[%emt 00:04:17]} 13. Bg2 {[%clk 01:12:00]} {[%emt 00:02:43]} c6 {[%clk
01:06:49]} {[%emt 00:03:29]} 14. O-O-O {[%clk 01:08:19]} {[%emt 00:04:11]}
O-O-O {[%clk 00:58:40]} {[%emt 00:08:39]} 15. Rd2 {[%clk 01:03:20]} {[%emt
00:05:28]} h5 {[%clk 00:54:38]} {[%emt 00:04:34]} 16. h3 {[%clk 00:53:49]}
{[%emt 00:10:00]} Rdf8 {[%clk 00:45:37]} {[%emt 00:09:31]} 17. Rhd1 {[%clk
00:52:02]} {[%emt 00:02:18]} Ne8 {[%clk 00:45:50]} {[%emt 00:00:16]} 18. Bd4
{[%clk 00:32:08]} {[%emt 00:20:24]} f6 {[%clk 00:44:25]} {[%emt 00:01:55]} 19.
Qd3 {[%clk 00:21:05]} {[%emt 00:11:33]} Rhg8 {[%clk 00:43:01]} {[%emt
00:01:53]} 20. Qc2 {[%clk 00:19:08]} {[%emt 00:02:27]} Qd8 {[%clk 00:37:38]}
{[%emt 00:05:54]} 21. c5 {[%clk 00:17:15]} {[%emt 00:02:23]} Qc7 {[%clk
00:34:53]} {[%emt 00:03:14]} 22. cxd6 {[%clk 00:16:50]} {[%emt 00:00:56]} Nxd6
{[%clk 00:33:49]} {[%emt 00:01:34]} 23. Bf1 {[%clk 00:13:57]} {[%emt 00:03:23]}
Rd8 {[%clk 00:29:19]} {[%emt 00:04:59]} 24. Be3 {[%clk 00:12:45]} {[%emt
00:01:42]} Nc4 {[%clk 00:27:18]} {[%emt 00:02:31]} 25. Bxc4 {[%clk 00:11:12]}
{[%emt 00:02:04]} Bxc4 {[%clk 00:27:42]} {[%emt 00:00:06]} 26. Qa4 {[%clk
00:07:45]} {[%emt 00:03:56]} Bb5 {[%clk 00:25:14]} {[%emt 00:02:57]} 27. Qd4
{[%clk 00:07:30]} {[%emt 00:00:46]} c5 {[%clk 00:24:04]} {[%emt 00:01:40]} 28.
Qd6 {[%clk 00:06:32]} {[%emt 00:01:28]} Qxd6 {[%clk 00:24:23]} {[%emt
00:00:12]} 29. Rxd6 {[%clk 00:06:59]} {[%emt 00:00:03]} Rge8 {[%clk 00:23:06]}
{[%emt 00:01:46]} 30. e5 {[%clk 00:06:03]} {[%emt 00:01:26]} fxe5 {[%clk
00:22:38]} {[%emt 00:00:58]} 31. Rxg6 {[%clk 00:05:28]} {[%emt 00:01:05]} exf4
{[%clk 00:21:39]} {[%emt 00:01:29]} 32. Bxf4 {[%clk 00:05:53]} {[%emt
00:00:06]} Re2 {[%clk 00:20:26]} {[%emt 00:01:42]} 33. Nd3 {[%clk 00:04:22]}
{[%emt 00:01:59]} Nf8 {[%clk 00:19:15]} {[%emt 00:01:43]} 34. Rd6 {[%clk
00:04:26]} {[%emt 00:00:27]} Rxd6 {[%clk 00:17:43]} {[%emt 00:02:02]} 35. Bxd6
{[%clk 00:04:55]} Bxd3 {[%clk 00:17:58]} {[%emt 00:00:15]} 36. Rxd3 {[%clk
00:05:14]} {[%emt 00:00:11]} Nd7 {[%clk 00:16:28]} {[%emt 00:01:59]} 37. Rd5
{[%clk 00:05:09]} {[%emt 00:00:35]} Nf6 {[%clk 00:13:59]} {[%emt 00:03:00]} 38.
Rf5 {[%clk 00:03:50]} {[%emt 00:01:46]} Ne4 {[%clk 00:13:01]} {[%emt 00:01:30]}
39. Bxc5 {[%clk 00:03:04]} {[%emt 00:01:17]} h4 {[%clk 00:11:00]} {[%emt
00:02:30]} 40. Bd4 {[%clk 00:00:57]} {[%emt 00:02:38]} Ng3 {[%clk 00:08:38]}
{[%emt 00:02:52]} 41. Rf4 {[%clk 00:23:31]} {[%emt 00:07:47]} Re4 {[%clk
00:37:54]} {[%emt 00:01:23]} 42. Rxe4 {[%clk 00:20:02]} {[%emt 00:03:59]} Nxe4
{[%clk 00:38:19]} {[%emt 00:00:05]} 43. Be3 {[%clk 00:19:45]} {[%emt 00:00:40]}
Kd7 {[%clk 00:38:29]} {[%emt 00:00:27]} 44. Kc2 {[%clk 00:19:37]} {[%emt
00:00:37]} Kc6 {[%clk 00:38:32]} {[%emt 00:00:28]} 45. Kd3 {[%clk 00:17:38]}
{[%emt 00:02:27]} Kd5 {[%clk 00:37:58]} {[%emt 00:01:05]} 46. a4 {[%clk
00:13:49]} {[%emt 00:04:19]} Nd6 {[%clk 00:36:44]} {[%emt 00:01:44]} 47. Bg5
{[%clk 00:12:59]} {[%emt 00:01:20]} Nc4 {[%clk 00:35:38]} {[%emt 00:01:36]} 48.
Kc2 {[%clk 00:12:28]} {[%emt 00:01:00]} Ke4 {[%clk 00:33:13]} {[%emt 00:02:57]}
49. Bxh4 {[%clk 00:12:13]} {[%emt 00:00:45]} Ne5 {[%clk 00:32:32]} {[%emt
00:01:10]} 50. Bd8 {[%clk 00:11:28]} {[%emt 00:01:11]} Nc6 {[%clk 00:32:57]}
{[%emt 00:00:09]} 51. Bg5 {[%clk 00:11:34]} {[%emt 00:00:23]} Kf3 {[%clk
00:32:47]} {[%emt 00:00:41]} 52. h4 {[%clk 00:11:55]} {[%emt 00:00:09]} Kg4
{[%clk 00:33:13]} {[%emt 00:00:04]} 53. Kd3 {[%clk 00:11:48]} {[%emt 00:00:35]}
1-0

[Event "Deutsche Ländermeisterschaft 2023"]
[Site "Hannover GER"]
[Date "2023.10.03"]
[Round "4"]
[White "Junge, Mattheo Gabriel"]
[Black "Navarro Jahnke, Leo"]
[Result "1-0"]
[Termination "normal"]
[Board "5.6"]
[WhiteElo "1604"]
[BlackElo "1884"]
[WhiteClock "01:14:08"]
[BlackClock "00:55:47"]
[WhiteTeam "Thüringen"]
[BlackTeam "Bayern"]
[PlyCount "59"]
[WhiteFideId "34605908"]
[BlackFideId "16234146"]
[EventCountry "GER"]
[EventRounds "7"]
[EventType "team-swiss"]
[EventDate "2023.09.30"]

1. e4 {[%clk 01:30:50]} {[%emt 00:00:09]} c5 {[%clk 01:30:36]} {[%emt
00:00:25]} 2. Nf3 {[%clk 01:31:04]} {[%emt 00:00:16]} g6 {[%clk 01:30:40]}
{[%emt 00:00:26]} 3. c3 {[%clk 01:30:55]} {[%emt 00:00:38]} d5 {[%clk
01:30:10]} {[%emt 00:01:01]} 4. Bb5+ {[%clk 01:29:09]} {[%emt 00:02:17]} Bd7
{[%clk 01:30:32]} {[%emt 00:00:08]} 5. Bxd7+ {[%clk 01:29:29]} {[%emt
00:00:09]} Qxd7 {[%clk 01:30:59]} {[%emt 00:00:03]} 6. Ne5 {[%clk 01:27:46]}
{[%emt 00:02:12]} Qe6 {[%clk 01:24:27]} {[%emt 00:07:03]} 7. Qa4+ {[%clk
01:27:52]} {[%emt 00:00:25]} Nc6 {[%clk 01:24:07]} {[%emt 00:00:49]} 8. Nxc6
{[%clk 01:28:02]} {[%emt 00:00:20]} Qxc6 {[%clk 01:24:27]} {[%emt 00:00:10]} 9.
Qxc6+ {[%clk 01:27:26]} {[%emt 00:01:06]} bxc6 {[%emt 00:00:02]} 10. d3 {[%clk
01:27:02]} {[%emt 00:00:52]} Rb8 {[%clk 01:24:00]} {[%emt 00:01:26]} 11. O-O
{[%clk 01:25:57]} {[%emt 00:01:35]} Bg7 {[%clk 01:24:02]} {[%emt 00:00:28]} 12.
Nd2 {[%clk 01:25:01]} {[%emt 00:01:26]} Nf6 {[%clk 01:18:52]} {[%emt 00:05:41]}
13. Re1 {[%clk 01:23:10]} {[%emt 00:02:21]} Nd7 {[%clk 01:16:25]} {[%emt
00:02:57]} 14. Nb3 {[%clk 01:22:36]} {[%emt 00:01:03]} f6 {[%clk 01:09:30]}
{[%emt 00:07:25]} 15. Be3 {[%clk 01:20:47]} {[%emt 00:02:19]} Ne5 {[%clk
01:00:44]} {[%emt 00:09:17]} 16. Nxc5 {[%clk 01:19:34]} {[%emt 00:01:43]} Rxb2
{[%emt 00:00:13]} 17. f4 {[%clk 01:15:05]} {[%emt 00:04:57]} Ng4 {[%clk
01:00:42]} {[%emt 00:00:50]} 18. Ne6 {[%clk 01:13:33]} {[%emt 00:02:01]} Bh6
{[%clk 00:59:12]} {[%emt 00:02:01]} 19. exd5 {[%clk 01:13:16]} {[%emt
00:00:47]} cxd5 {[%clk 00:58:37]} {[%emt 00:01:05]} 20. Bc5 {[%clk 01:13:00]}
{[%emt 00:00:46]} Kd7 {[%clk 00:53:52]} {[%emt 00:05:15]} 21. h3 {[%clk
01:13:06]} {[%emt 00:00:24]} Ne5 {[%clk 00:54:20]} {[%emt 00:00:02]} 22. fxe5
{[%clk 01:13:29]} {[%emt 00:00:07]} Kxe6 {[%clk 00:54:41]} {[%emt 00:00:08]}
23. exf6+ {[%clk 01:13:54]} {[%emt 00:00:05]} Kf7 {[%clk 00:54:51]} {[%emt
00:00:19]} 24. Rxe7+ {[%clk 01:13:16]} {[%emt 00:01:09]} Kxf6 {[%clk 00:55:04]}
{[%emt 00:00:16]} 25. Rf1+ {[%clk 01:13:40]} {[%emt 00:00:05]} Kg5 {[%clk
00:55:14]} {[%emt 00:00:21]} 26. Be3+ {[%clk 01:14:05]} {[%emt 00:00:05]} Kh5
{[%clk 00:55:20]} {[%emt 00:00:23]} 27. g4+ {[%clk 01:13:46]} {[%emt 00:00:51]}
Kh4 {[%clk 00:55:47]} 28. Bxh6 {[%emt 00:00:11]} Rhb8 29. Rxh7 Kg3 30. Bf4#
{[%clk 01:14:08]} 1-0

[Event "Deutsche Ländermeisterschaft 2023"]
[Site "Hannover GER"]
[Date "2023.10.03"]
[Round "4"]
[White "Prinzen, Siri Marleen"]
[Black "Loos, Tilda"]
[Result "1-0"]
[Termination "normal"]
[Board "5.7"]
[WhiteElo "1689"]
[BlackElo "1423"]
[WhiteClock "00:21:09"]
[BlackClock "00:06:27"]
[WhiteTeam "Bayern"]
[BlackTeam "Thüringen"]
[PlyCount "89"]
[WhiteFideId "16265912"]
[BlackFideId "34620559"]
[EventCountry "GER"]
[EventRounds "7"]
[EventType "team-swiss"]
[EventDate "2023.09.30"]

1. d4 {[%clk 01:30:58]} {[%emt 00:00:02]} Nf6 {[%clk 01:30:53]} {[%emt
00:00:08]} 2. Bf4 {[%clk 01:31:23]} {[%emt 00:00:05]} e6 {[%clk 01:31:13]}
{[%emt 00:00:10]} 3. e3 {[%clk 01:31:47]} {[%emt 00:00:06]} b6 {[%clk
01:31:36]} {[%emt 00:00:07]} 4. Qf3 {[%clk 01:30:57]} {[%emt 00:01:20]} Nc6
{[%clk 01:31:08]} {[%emt 00:00:57]} 5. Nc3 {[%clk 01:24:32]} {[%emt 00:06:55]}
Bb7 {[%clk 01:31:19]} {[%emt 00:00:19]} 6. Bd3 {[%clk 01:22:08]} {[%emt
00:02:54]} d5 {[%clk 01:19:55]} {[%emt 00:11:55]} 7. a3 {[%clk 01:17:58]}
{[%emt 00:04:39]} Bd6 {[%clk 01:15:46]} {[%emt 00:04:39]} 8. Bxd6 {[%clk
01:00:52]} {[%emt 00:17:36]} Qxd6 {[%clk 01:14:43]} {[%emt 00:01:33]} 9. Nb5
{[%clk 00:58:29]} {[%emt 00:02:54]} Qe7 {[%clk 01:08:06]} {[%emt 00:07:08]} 10.
Qg3 {[%clk 00:55:39]} {[%emt 00:03:20]} e5 {[%clk 00:57:23]} {[%emt 00:11:12]}
11. dxe5 {[%clk 00:47:49]} {[%emt 00:08:20]} Nxe5 {[%clk 00:55:28]} {[%emt
00:02:25]} 12. Nf3 {[%clk 00:45:21]} {[%emt 00:02:58]} Nxf3+ {[%clk 00:52:37]}
{[%emt 00:03:21]} 13. gxf3 {[%clk 00:44:40]} {[%emt 00:01:10]} Kd8 {[%clk
00:17:39]} {[%emt 00:35:28]} 14. Nd4 {[%clk 00:34:55]} {[%emt 00:10:14]} g6
{[%clk 00:16:24]} {[%emt 00:01:46]} 15. Ba6 {[%clk 00:27:53]} {[%emt 00:07:31]}
Rb8 {[%clk 00:14:27]} {[%emt 00:02:28]} 16. Bxb7 {[%clk 00:28:05]} {[%emt
00:00:18]} Ke8 {[%clk 00:13:19]} {[%emt 00:01:39]} 17. Nc6 {[%clk 00:26:08]}
{[%emt 00:02:26]} Nh5 {[%clk 00:04:54]} {[%emt 00:08:56]} 18. Nxe7 {[%clk
00:24:03]} {[%emt 00:02:35]} Nxg3 {[%clk 00:05:16]} {[%emt 00:00:09]} 19. hxg3
{[%clk 00:24:19]} {[%emt 00:00:13]} Kxe7 {[%clk 00:05:35]} {[%emt 00:00:11]}
20. Bxd5 {[%clk 00:24:32]} {[%emt 00:00:16]} Rbd8 {[%clk 00:05:40]} {[%emt
00:00:25]} 21. O-O-O {[%clk 00:24:39]} {[%emt 00:00:23]} Kf6 {[%clk 00:04:58]}
{[%emt 00:01:13]} 22. Bb3 {[%clk 00:24:19]} {[%emt 00:00:50]} h5 {[%clk
00:04:08]} {[%emt 00:01:20]} 23. Rxd8 {[%clk 00:23:19]} {[%emt 00:01:29]} Rxd8
{[%clk 00:04:30]} {[%emt 00:00:08]} 24. Rh4 {[%clk 00:22:57]} {[%emt 00:00:52]}
Rf8 {[%clk 00:04:29]} {[%emt 00:00:31]} 25. Rd4 {[%clk 00:22:14]} {[%emt
00:01:12]} Ke7 {[%clk 00:04:33]} {[%emt 00:00:25]} 26. Ba4 {[%clk 00:21:41]}
{[%emt 00:01:03]} Rd8 {[%clk 00:02:55]} {[%emt 00:02:09]} 27. Rxd8 {[%clk
00:19:59]} {[%emt 00:02:13]} Kxd8 {[%clk 00:03:22]} {[%emt 00:00:03]} 28. Bc6
{[%clk 00:19:58]} {[%emt 00:00:29]} Ke7 {[%clk 00:03:39]} {[%emt 00:00:13]} 29.
f4 {[%clk 00:20:09]} {[%emt 00:00:20]} Kd6 {[%clk 00:03:48]} {[%emt 00:00:21]}
30. Be4 {[%clk 00:20:03]} {[%emt 00:00:36]} Ke6 {[%clk 00:03:41]} {[%emt
00:00:38]} 31. Kd2 {[%clk 00:20:12]} {[%emt 00:00:20]} Kd6 {[%clk 00:03:52]}
{[%emt 00:00:19]} 32. Kd3 {[%clk 00:20:18]} {[%emt 00:00:24]} Kc5 {[%clk
00:04:12]} {[%emt 00:00:11]} 33. c4 {[%clk 00:19:48]} {[%emt 00:01:00]} Kd6
{[%clk 00:04:13]} {[%emt 00:00:30]} 34. b4 {[%clk 00:19:39]} {[%emt 00:00:38]}
c5 {[%clk 00:04:10]} {[%emt 00:00:33]} 35. bxc5+ {[%clk 00:19:18]} {[%emt
00:00:51]} Kxc5 {[%clk 00:04:34]} {[%emt 00:00:07]} 36. Bd5 {[%clk 00:19:19]}
{[%emt 00:00:29]} f6 {[%clk 00:04:37]} {[%emt 00:00:28]} 37. Bf7 {[%clk
00:19:32]} {[%emt 00:00:16]} g5 {[%clk 00:04:48]} {[%emt 00:00:20]} 38. fxg5
{[%clk 00:19:47]} {[%emt 00:00:14]} fxg5 {[%clk 00:05:12]} {[%emt 00:00:06]}
39. Bxh5 {[%clk 00:20:03]} {[%emt 00:00:14]} Kd6 {[%clk 00:05:30]} {[%emt
00:00:13]} 40. Kd4 {[%clk 00:20:07]} {[%emt 00:00:25]} Ke6 {[%clk 00:05:38]}
{[%emt 00:00:22]} 41. Ke4 {[%clk 00:19:51]} {[%emt 00:00:46]} Kf6 {[%clk
00:05:49]} {[%emt 00:00:19]} 42. f4 {[%clk 00:20:10]} {[%emt 00:00:11]} gxf4
{[%clk 00:06:11]} {[%emt 00:00:09]} 43. exf4 {[%clk 00:20:27]} {[%emt
00:00:12]} Ke6 {[%clk 00:06:12]} {[%emt 00:00:29]} 44. g4 {[%clk 00:20:47]}
{[%emt 00:00:11]} Kf6 {[%clk 00:06:27]} {[%emt 00:00:16]} 45. g5+ {[%clk
00:21:09]} {[%emt 00:00:08]} 1-0

[Event "Deutsche Ländermeisterschaft 2023"]
[Site "Hannover GER"]
[Date "2023.10.03"]
[Round "4"]
[White "Albrecht, Sidney Jenna"]
[Black "Artemenko, Isabella"]
[Result "1/2-1/2"]
[Termination "normal"]
[Board "5.8"]
[WhiteElo "1030"]
[BlackElo "1016"]
[WhiteClock "00:25:48"]
[BlackClock "00:57:48"]
[WhiteTeam "Thüringen"]
[BlackTeam "Bayern"]
[PlyCount "120"]
[WhiteFideId "34660283"]
[BlackFideId "34639616"]
[EventCountry "GER"]
[EventRounds "7"]
[EventType "team-swiss"]
[EventDate "2023.09.30"]

1. c4 {[%clk 01:30:57]} {[%emt 00:00:02]} e5 {[%clk 01:30:52]} {[%emt
00:00:08]} 2. Nc3 {[%clk 01:31:20]} {[%emt 00:00:07]} Nc6 {[%clk 01:29:46]}
{[%emt 00:01:36]} 3. g3 {[%clk 01:31:32]} {[%emt 00:00:18]} Bc5 {[%clk
01:28:16]} {[%emt 00:02:01]} 4. Bg2 {[%clk 01:31:44]} {[%emt 00:00:17]} a6
{[%clk 01:26:28]} {[%emt 00:02:18]} 5. e3 {[%clk 01:31:20]} {[%emt 00:00:54]}
d6 {[%clk 01:24:22]} {[%emt 00:02:36]} 6. Nge2 {[%clk 01:30:56]} {[%emt
00:00:53]} h5 {[%clk 01:22:02]} {[%emt 00:02:51]} 7. b3 {[%clk 01:21:41]}
{[%emt 00:09:46]} h4 {[%clk 01:20:46]} {[%emt 00:01:46]} 8. Bb2 {[%clk
01:19:51]} {[%emt 00:02:19]} Bg4 {[%clk 01:19:13]} {[%emt 00:02:03]} 9. Qc2
{[%clk 01:16:51]} {[%emt 00:03:31]} h3 {[%clk 01:17:29]} {[%emt 00:02:13]} 10.
Bd5 {[%clk 01:13:28]} {[%emt 00:03:53]} Nb4 {[%clk 01:16:38]} {[%emt 00:01:21]}
11. Qb1 {[%clk 01:11:12]} {[%emt 00:02:46]} Nxd5 {[%clk 01:15:15]} {[%emt
00:01:52]} 12. cxd5 {[%clk 01:11:04]} {[%emt 00:00:39]} Ne7 {[%clk 01:14:09]}
{[%emt 00:01:34]} 13. e4 {[%clk 01:07:42]} {[%emt 00:03:54]} Bf3 {[%clk
01:13:18]} {[%emt 00:01:20]} 14. Rf1 {[%clk 01:05:53]} {[%emt 00:02:19]} c6
{[%clk 01:12:24]} {[%emt 00:01:23]} 15. Qd3 {[%clk 01:04:26]} {[%emt 00:01:58]}
Bg2 {[%clk 01:09:33]} {[%emt 00:03:21]} 16. Rg1 {[%clk 01:04:38]} {[%emt
00:00:18]} Qb6 {[%clk 01:08:44]} {[%emt 00:01:17]} 17. Nd1 {[%clk 00:55:33]}
{[%emt 00:09:37]} cxd5 {[%clk 01:08:28]} {[%emt 00:00:46]} 18. exd5 {[%clk
00:54:29]} {[%emt 00:01:33]} Nxd5 {[%clk 01:08:35]} {[%emt 00:00:23]} 19. Ne3
{[%clk 00:41:37]} {[%emt 00:13:22]} Nxe3 {[%clk 01:08:03]} {[%emt 00:01:02]}
20. fxe3 {[%clk 00:41:39]} {[%emt 00:00:28]} Qc6 {[%clk 01:04:55]} {[%emt
00:03:36]} 21. Rc1 {[%clk 00:39:57]} {[%emt 00:02:15]} Qe4 {[%clk 01:04:21]}
{[%emt 00:01:01]} 22. Qxe4 {[%clk 00:39:59]} {[%emt 00:00:31]} Bxe4 {[%clk
01:04:39]} {[%emt 00:00:12]} 23. Rf1 {[%clk 00:39:57]} {[%emt 00:00:32]} O-O
{[%clk 01:03:35]} {[%emt 00:01:34]} 24. d4 {[%clk 00:37:51]} {[%emt 00:02:36]}
exd4 {[%clk 01:02:59]} {[%emt 00:01:06]} 25. exd4 {[%clk 00:37:44]} {[%emt
00:00:38]} Bb4+ {[%clk 01:02:58]} {[%emt 00:00:30]} 26. Nc3 {[%clk 00:37:33]}
{[%emt 00:00:42]} Bxc3+ {[%clk 01:02:51]} {[%emt 00:00:37]} 27. Rxc3 {[%clk
00:37:21]} {[%emt 00:00:41]} Rac8 {[%clk 01:03:03]} {[%emt 00:00:17]} 28. Rf4
{[%clk 00:36:49]} {[%emt 00:01:02]} Rxc3 {[%clk 01:03:07]} {[%emt 00:00:27]}
29. Bxc3 {[%clk 00:37:01]} {[%emt 00:00:18]} d5 {[%clk 01:01:36]} {[%emt
00:02:01]} 30. Rh4 {[%clk 00:35:46]} {[%emt 00:01:45]} Re8 {[%clk 01:01:22]}
{[%emt 00:00:42]} 31. Kd2 {[%clk 00:35:25]} {[%emt 00:00:53]} Bg2 {[%clk
01:01:11]} {[%emt 00:00:41]} 32. b4 {[%clk 00:33:58]} {[%emt 00:01:57]} Re4
{[%clk 01:01:01]} {[%emt 00:00:37]} 33. Rxe4 {[%clk 00:34:07]} {[%emt
00:00:23]} Bxe4 {[%clk 01:01:02]} {[%emt 00:00:30]} 34. a4 {[%clk 00:34:14]}
{[%emt 00:00:23]} Kf8 {[%clk 01:01:17]} {[%emt 00:00:13]} 35. b5 {[%clk
00:33:59]} {[%emt 00:00:47]} Ke7 {[%clk 01:00:53]} {[%emt 00:00:54]} 36. Bb4+
{[%clk 00:32:19]} {[%emt 00:02:11]} Kd7 {[%clk 01:01:00]} {[%emt 00:00:22]} 37.
Ba5 {[%clk 00:31:10]} {[%emt 00:01:39]} axb5 {[%clk 01:00:25]} {[%emt
00:01:05]} 38. axb5 {[%clk 00:31:22]} {[%emt 00:00:19]} Kc8 {[%clk 01:00:13]}
{[%emt 00:00:41]} 39. Kc3 {[%clk 00:31:28]} {[%emt 00:00:24]} g5 {[%clk
01:00:13]} {[%emt 00:00:29]} 40. Kb4 {[%clk 00:30:04]} {[%emt 00:01:56]} f5
{[%clk 01:00:25]} {[%emt 00:00:18]} 41. Kc5 {[%clk 00:29:31]} {[%emt 00:01:04]}
f4 {[%clk 01:00:24]} {[%emt 00:00:31]} 42. gxf4 {[%clk 00:29:52]} {[%emt
00:00:08]} gxf4 {[%clk 01:00:44]} {[%emt 00:00:08]} 43. Be1 {[%clk 00:30:10]}
{[%emt 00:00:14]} Kc7 {[%clk 01:00:16]} {[%emt 00:00:57]} 44. Bf2 {[%clk
00:30:03]} {[%emt 00:00:37]} Bd3 {[%clk 00:59:31]} {[%emt 00:01:14]} 45. Kxd5
{[%clk 00:29:18]} {[%emt 00:01:17]} Bxb5 {[%clk 00:59:41]} {[%emt 00:00:19]}
46. Ke4 {[%clk 00:28:24]} {[%emt 00:01:25]} Bd7 {[%clk 00:59:02]} {[%emt
00:01:08]} 47. Kxf4 {[%clk 00:28:21]} {[%emt 00:00:34]} b5 {[%clk 00:59:21]}
{[%emt 00:00:12]} 48. Ke3 {[%clk 00:27:49]} {[%emt 00:01:01]} Kc6 {[%clk
00:59:34]} {[%emt 00:00:16]} 49. Kd3 {[%clk 00:27:52]} {[%emt 00:00:27]} Kd5
{[%clk 00:59:38]} {[%emt 00:00:17]} 50. Kc3 {[%clk 00:27:55]} {[%emt 00:00:36]}
Bc6 {[%clk 00:57:57]} {[%emt 00:02:11]} 51. Kb4 {[%clk 00:27:06]} {[%emt
00:01:19]} Bd7 {[%clk 00:57:40]} {[%emt 00:00:48]} 52. Kc3 {[%clk 00:27:11]}
{[%emt 00:00:24]} Bf5 {[%clk 00:57:41]} {[%emt 00:00:27]} 53. Kb4 {[%clk
00:27:00]} {[%emt 00:00:43]} Bd3 {[%clk 00:57:38]} {[%emt 00:00:31]} 54. Kc3
{[%clk 00:26:47]} {[%emt 00:00:44]} Bc4 {[%clk 00:57:50]} {[%emt 00:00:17]} 55.
Kb4 {[%clk 00:26:50]} {[%emt 00:00:28]} Ke4 {[%clk 00:57:49]} {[%emt 00:00:28]}
56. Kc5 {[%clk 00:25:17]} {[%emt 00:02:05]} Kf3 {[%clk 00:57:05]} {[%emt
00:01:11]} 57. Bg3 {[%clk 00:25:08]} {[%emt 00:00:41]} Ke4 {[%clk 00:57:18]}
{[%emt 00:00:17]} 58. Bf2 {[%clk 00:25:08]} {[%emt 00:00:30]} Kf3 {[%clk
00:57:22]} {[%emt 00:00:26]} 59. Bg3 {[%clk 00:25:31]} {[%emt 00:00:07]} Ke4
{[%clk 00:57:48]} {[%emt 00:00:04]} 60. Bf2 {[%clk 00:25:48]} {[%emt 00:00:14]}
Kf3 {[%emt 00:02:47]} 1/2-1/2